Bravo - The Hits 97 - Statistiken

Allgemein
  • Dieses Quiz wurde 107 mal gespielt
  • Das Durchschnittsergebnis liegt bei 10 aus 40
Antwortstatistiken
Song Interpret % Korrekt
Everybody (Backstreet's Back) Backstreet Boys
87%
Verpiss Dich Tic Tac Toe
66%
Alles Aus Liebe (Live) Die Toten Hosen
65%
Engel Rammstein
65%
I Believe I Can Fly R. Kelly
60%
Mama Spice Girls
58%
Du Liebst Mich Nicht Sabrina Setlur
46%
Fell In Love With An Alien The Kelly Family
37%
Nur Geträumt Blümchen
35%
Ecuador Sash! Feat. Rodriguez
30%
Lonely Nana
27%
Samba De Janeiro Bellini
25%
JoJo Action Mr. President
25%
Crush On You Aaron Carter
21%
C U When U Get There Coolio Feat. 40 Thevz
21%
No Diggity BLACKstreet Feat. Dr. Dre & Queen Pen
19%
Freed From Desire Gala
19%
Sonic Empire Members Of Mayday
19%
Here We Go *NSYNC
18%
Get Ready To Bounce Brooklyn Bounce
16%
Sunchyme Dario G.
16%
Please Don't Go No Mercy
16%
So Strung Out C-Block
15%
James Bond Theme Moby
13%
Barrel Of A Gun Depeche Mode
12%
Don't Let Go (Love) En Vogue
12%
Cherish Pappa Bear Feat. Jan Van De Toorn
12%
One & One Robert Miles Feat. Maria Nayler
12%
I Have A Dream DJ Quicksilver
11%
Nur Für Dich Alina
9%
Du Fehlst Mir Cappuccino
8%
Sunshine Dr. Motte & WestBam
8%
I'll Be There For You The Moffatts
8%
Breathe The Prodigy
8%
Hard Times WestBam
8%
Wannabe (Willst Du Mich Als Lover) Space Curls
7%
On Y Va Beam & Yanou
6%
Light In Me A.K.-S.W.I.F.T.
4%
All I Wanna Do Bed & Breakfast
4%
Why Don't You Dance With Me Future Breeze
4%
Keine übereinstimmenden Quizze gefunden
Verteilung der Resultate
Anzahl Personen mit jedem Resultat
Perzentil nach korrekt beantworteten Fragen
Ihre Resultats-Entwicklung
Sie haben dieses Quiz noch nicht gespielt